Statistics for General Knowledge-Airplanes

Click here to take the quiz!

General Stats

  • This quiz has been taken 523 times
    (517 since last reset)
  • The average score is 6 of 15

Answer Stats

QuestionAnswer% Correct
What language is the international language of flight?English
89%
What plane could travel from Paris to New York in 3.5hrs?Concorde
76%
How long does emergency oxygen air last for(minutes)?15 minutes
74%
Approximately 95.7% of those involved in a plane crash ____Survive
67%
What is the largest passenger airliner?Airbus A380
55%
What vision is required to become a civilian air pilot?20/20
51%
World's Oldest AirlineKLM
41%
Risk of being killed in an airplane 1 in __ million11
38%
How long does the shortest commercial flight take in seconds?(fastest recorded)53 seconds
25%
What company invented business class in 1979?Qantas
18%
What is the percentage of the population that hasn't travelled by plane?95%
14%
What is an element not allowed on a flight incase it damages the aluminium?Mercury
12%
What island is the only island in the world to have scheduled flights land on a beach?Barra
9%
Name of the fear of flyingAviophobia
5%
This compound increases turbulenceCarbon Dioxide
5%

Score Distribution

Percentile by Number Answered

Percent of People with Each Score

Your Score History

You have not taken this quiz since the last reset